| 000 | 00469nam a22001817a 4500 | ||
|---|---|---|---|
| 003 | CEME | ||
| 005 | 20210628204543.0 | ||
| 008 | 210219b xxu||||| |||| 00| 0 eng d | ||
| 020 | _a0-13-394255-4 | ||
| 040 | _c. | ||
| 082 | _a621.392 STA'C | ||
| 100 |
_aSttalings, Williams _970784 |
||
| 245 | _aComputer organization and application designing for performance | ||
| 250 | _a4TH | ||
| 260 |
_aNEWJERSCY _bPRENTICE HALL _c1996 |
||
| 300 | _a632P | ||
| 942 |
_cBK _2ddc |
||
| 999 |
_c577655 _d577655 |
||